APEC Schools

Like my teacher always said.../ (Record no. 9017)

000 -LEADER
fixed length control field nam a22 7a 4500
005 - DATE AND TIME OF LATEST TRANSACTION
control field 20200708082915.0
008 - FIXED-LENGTH DATA ELEMENTS--GENERAL INFORMATION
fixed length control field 200708b xxu||||| |||| 00| 0 eng d
020 ## - IDENTIFIER FOR THE MANIFESTATION
Identifier for the Manifestation 9781419720253
Binding hard bound
040 ## - CATALOGING SOURCE
Language of Cataloging eng
Transcribing Agency APEC Schools Library
Description Conventions rda
082 ## - DEWEY DECIMAL CLASSIFICATION NUMBER
Classification number C 371.1023
Author's Number M478l 2016
100 ## - CREATOR
Preferred Name of the Person McHugh, Erin
245 ## - TITLE AND STATEMENT OF RESPONSIBILITY
Preferred Title Proper Like my teacher always said.../
Statement of Responsibility/Parallel Statement of Responsibility Erin McHugh
264 ## - PUBLICATION STATEMENT
Place of publication, distribution, etc New York, NY :
Publisher's Name/Parallel Publisher's Name Abrams Image,
Copyright ©2016.
300 ## - PHYSICAL DESCRIPTION
Extent 143 pages ;
336 ## - RDA CONTENT
Source rdacontent
Content Type text
337 ## - RDA MEDIA
Source rdamedia
Media Type unmediated
338 ## - RDA CARRIER
Source rdacarrier
Carrier Type volume
650 ## - ADDED SUBJECT ACCESS POINT - TOPICAL TERM
Topical Term Students.
650 ## - ADDED SUBJECT ACCESS POINT - TOPICAL TERM
Topical Term Teacher-student relationship.
650 ## - ADDED SUBJECT ACCESS POINT - TOPICAL TERM
Topical Term Education.
942 ## - ADDED ENTRY ELEMENTS (KOHA)
Source of Classification
Koha Item Type Non Fiction
Holdings
Library Site Location Shelving Location Source of Acquisition Full Classification Number Accession Number Koha Item Type
APEC Marikina Heights Library APEC Marikina Heights Library Circulation Institutional Fund C 371.1023 M478l 2016 A08-0000334 Non Fiction

Powered by Koha